| 000 | 00581nam a2200169Ia 4500 | ||
|---|---|---|---|
| 008 | 090711s9999 xx 000 0 und d | ||
| 082 | _b70881 | ||
| 100 | _aSांदनशिव भास्कर | ||
| 245 | _aभूमी आणि भूमिका | ||
| 260 |
_bसाकेत प्रकाशन _c1992 |
||
| 300 | _a148 | ||
| 600 | _aSांदनशिव भास्कर | ||
| 630 | _aभूमी आणि भूमिका | ||
| 700 | _aSांदनशिव भास्कर | ||
| 730 | _aभूमी आणि भूमिका | ||
| 942 | _cBOOK | ||
| 999 |
_c331439 _d331439 |
||